| 000 | 01041nac a22002891i 4500 | ||
|---|---|---|---|
| 003 | EG-ScBUE | ||
| 005 | 20260105091944.0 | ||
| 008 | 260105t2007 caua g b 001 0 eng d | ||
| 020 | _a9780495111276 | ||
| 020 | _a0495111279 | ||
| 040 |
_aEG-ScBUE _beng _erda _cEG-ScBUE _dEG-ScBUE |
||
| 082 | 0 | 4 |
_a547 _bMCM _222 |
| 100 | 1 |
_aMcMurry, John, _eauthor. |
|
| 245 | 1 | 0 |
_aOrganic chemistry : _ba biological approach / _cJohn McMurry, Cornell University. |
| 250 | _aInternational student edition. | ||
| 264 | 1 |
_aBelmont, CA : _bThomson Brooks/Cole, _c[2007] |
|
| 264 | 4 | _cc2007 | |
| 300 |
_a1 volume (various pagings) : _billustrations (some color) ; _c27 cm |
||
| 336 |
_2rdacontent _atext _btxt |
||
| 337 |
_aunmediated _2rdamedia _bn |
||
| 338 |
_avolume _bnc _2rdacarrier |
||
| 504 | _aIncludes bibliographical references and index. | ||
| 650 | 7 |
_aChemistry, Organic _vTextbooks. _2BUEsh |
|
| 655 | _vReading book | ||
| 856 | 4 | 1 |
_3Table of contents only _uhttp://www.loc.gov/catdir/toc/fy0614/2006920388.html |
| 942 |
_cNB _2ddc |
||
| 999 |
_c1919 _d1919 |
||